<?xml version="1.0" encoding="UTF-8"?><?xml-stylesheet type="text/xsl" href="static/style.xsl"?><OAI-PMH xmlns="http://www.openarchives.org/OAI/2.0/" xmlns:xsi="http://www.w3.org/2001/XMLSchema-instance" xsi:schemaLocation="http://www.openarchives.org/OAI/2.0/ http://www.openarchives.org/OAI/2.0/OAI-PMH.xsd"><responseDate>2026-05-14T06:37:09Z</responseDate><request verb="GetRecord" identifier="oai:riubu.ubu.es:10259/7438" metadataPrefix="marc">https://riubu.ubu.es/oai/request</request><GetRecord><record><header><identifier>oai:riubu.ubu.es:10259/7438</identifier><datestamp>2023-03-28T12:02:05Z</datestamp><setSpec>com_10259_4862</setSpec><setSpec>com_10259_5086</setSpec><setSpec>com_10259_2604</setSpec><setSpec>com_10259_7436</setSpec><setSpec>com_10259.4_2512</setSpec><setSpec>com_10259.4_106</setSpec><setSpec>col_10259_4863</setSpec><setSpec>col_10259_7437</setSpec></header><metadata><record xmlns="http://www.loc.gov/MARC21/slim" xmlns:doc="http://www.lyncode.com/xoai" xmlns:xsi="http://www.w3.org/2001/XMLSchema-instance" xmlns:dcterms="http://purl.org/dc/terms/" xsi:schemaLocation="http://www.loc.gov/MARC21/slim http://www.loc.gov/standards/marcxml/schema/MARC21slim.xsd">
<leader>00925njm 22002777a 4500</leader>
<datafield tag="042" ind1=" " ind2=" ">
<subfield code="a">dc</subfield>
</datafield>
<datafield tag="720" ind1=" " ind2=" ">
<subfield code="a">Possas, Arícia</subfield>
<subfield code="e">author</subfield>
</datafield>
<datafield tag="720" ind1=" " ind2=" ">
<subfield code="a">Hernández Pérez, Marta</subfield>
<subfield code="e">author</subfield>
</datafield>
<datafield tag="720" ind1=" " ind2=" ">
<subfield code="a">Esteban Carbonero, Óscar</subfield>
<subfield code="e">author</subfield>
</datafield>
<datafield tag="720" ind1=" " ind2=" ">
<subfield code="a">Valero, Antonio</subfield>
<subfield code="e">author</subfield>
</datafield>
<datafield tag="720" ind1=" " ind2=" ">
<subfield code="a">Rodríguez Lázaro, David</subfield>
<subfield code="e">author</subfield>
</datafield>
<datafield tag="260" ind1=" " ind2=" ">
<subfield code="c">2022-06</subfield>
</datafield>
<datafield tag="520" ind1=" " ind2=" ">
<subfield code="a">The behaviour of Listeria monocytogenes was investigated in soft pasteurized milk cheese elaborated with different&#xd;
salt concentrations (1.17 and 0.30% w/w) and in cured raw sheep milk cheese over storage up to 189 days at&#xd;
different isothermal conditions. Commercial 25-g cheese samples were inoculated with a 4-strain cocktail of&#xd;
L. monocytogenes (serovars 4b, 1/2a, 1/2b and 1/2c) at approximately 104 CFU/g. The inoculated samples were&#xd;
stored at 4 and 22 ◦C and withdrawn at proper intervals for L. monocytogenes enumeration. The prevalence of the&#xd;
different serovar strains of L. monocytogenes was characterized on soft cheese samples over storage at 4 ◦C using&#xd;
multiplex PCR. Salt reduction did not affect the survival of L. monocytogenes in soft cheeses and a maximum of 1-&#xd;
log reduction was observed in both regular and low-salt cheeses after 189 days of storage at 4 ◦C. The pathogen&#xd;
showed greater survival capacity in both soft and cured cheeses during storage at 4 ◦C compared to the storage at&#xd;
22 ◦C, where more than 2.5 log reductions were computed. The fate of L. monocytogenes was described through a&#xd;
Weibull model fitted to survival data. The time required for a first tenfold reduction of the L. monocytogenes&#xd;
population (δ) at 4 ◦C is around 150 days in soft and 72 days in cured cheeses. At 22 ◦C, the estimated δ values are&#xd;
at least 60% lower in both cheese types. Among the four L. monocytogenes serovars present in the inoculated&#xd;
cocktail, the serovar 4b strain was the most sensitive to refrigerated storage, while the prevalence of serovar 1/2c&#xd;
strain increased over time in soft cheeses. Overall, the data obtained in this study help to deepen knowledge into&#xd;
factors affecting L. monocytogenes behaviour on cheeses and evidenced the variability between serovars in terms&#xd;
of survival capacity, which may be considered when performing microbial risk assessments.</subfield>
</datafield>
<datafield tag="024" ind2=" " ind1="8">
<subfield code="a">0740-0020</subfield>
</datafield>
<datafield tag="024" ind2=" " ind1="8">
<subfield code="a">http://hdl.handle.net/10259/7438</subfield>
</datafield>
<datafield tag="024" ind2=" " ind1="8">
<subfield code="a">10.1016/j.fm.2022.103979</subfield>
</datafield>
<datafield ind1=" " ind2=" " tag="653">
<subfield code="a">Foodborne pathogens</subfield>
</datafield>
<datafield ind1=" " ind2=" " tag="653">
<subfield code="a">Dairy products</subfield>
</datafield>
<datafield ind1=" " ind2=" " tag="653">
<subfield code="a">Survival kinetics</subfield>
</datafield>
<datafield ind1=" " ind2=" " tag="653">
<subfield code="a">Predictive models</subfield>
</datafield>
<datafield ind1=" " ind2=" " tag="653">
<subfield code="a">Food safety</subfield>
</datafield>
<datafield ind1=" " ind2=" " tag="653">
<subfield code="a">Ready-to-eat foods</subfield>
</datafield>
<datafield tag="245" ind1="0" ind2="0">
<subfield code="a">Listeria monocytogenes survives better at lower storage temperatures in regular and low-salt soft and cured cheeses</subfield>
</datafield>
</record></metadata></record></GetRecord></OAI-PMH>